The Americas Geography By Letter P - Picture Quiz - Statistics

General Stats
  • This quiz has been taken 270 times
  • The average score is 12 of 18
Answer Stats
Picture Hint Answer % Correct
{Panama} Canal
99%
(country) Peru
95%
(animal) {Polar} Bear
95%
(official lanugage) Portuguese
95%
(currency) Peso
92%
(country) Paraguay
90%
(animal) Piranha
87%
(territory) Puerto Rico
85%
(region) Patagonia
82%
(state) Pennsylvania
77%
(sound) Puget
61%
(garment) Poncho
60%
(city) Phoenix
53%
(ecosystem) Prairie
52%
(capital city) Port-au-Prince
51%
(province) Prince Edward Island
30%
(state) Parana
28%
(peninsula) Paraguana
2%
No matching quizzes found
Score Distribution
Percent of People with Each Score
Percentile by Number Answered
Your Score History
You have not taken this quiz